Which One Kills The Most People? - Statistics

General Stats
  • This quiz has been taken 109 times
    94 since last reset
  • The average score is 4 of 8
Answer Stats
Question Answer % Correct
Which kills the most? Smoking
95%
Which kills the most? Cancer
81%
Which kills the most? Hypothermia
81%
Which kills the most? Suicide
71%
Which kills the most? Diarrhoea
43%
Which kills the most? Earthquakes
38%
Which kills the most? Bees
29%
Which kills the most? Brain Disease
10%
No matching quizzes found
Score Distribution
Percent of People with Each Score
Percentile by Number Answered
Your Score History
You have not taken this quiz since the last reset